The quatrefoil of love : (Record no. 20089)
[ view plain ]
| 000 -LEADER | |
|---|---|
| fixed length control field | 00990nam a22002771 4500 |
| 001 - CONTROL NUMBER | |
| control field | 20089 |
| 003 - CONTROL NUMBER IDENTIFIER | |
| rucl marc code | BD-RjUL |
| 005 - DATE AND TIME OF LATEST TRANSACTION | |
| control field | 20211209000523.0 |
| 008 - FIXED-LENGTH DATA ELEMENTS--GENERAL INFORMATION | |
| fixed length control field | 140226s1935 enk 000 0 enm |
| 035 ## - SYSTEM CONTROL NUMBER | |
| System control number | (BD-RjUL)20151 |
| System control number | (OCoLC)17519377 |
| 040 ## - CATALOGING SOURCE | |
| Original cataloging agency | DLC |
| Transcribing agency | IeMnSPC |
| Modifying agency | BD-RjUL |
| Language of cataloging | eng |
| 041 ## - LANGUAGE CODE | |
| Language code of text/sound track or separate title | eng |
| 082 04 - DEWEY DECIMAL CLASSIFICATION NUMBER | |
| Classification number | 823.2 |
| Edition number | 19 |
| Author mark and year | GOQ 1935 |
| 100 1# - MAIN ENTRY--PERSONAL NAME | |
| Personal name | Gollancz, Israel |
| 9 (RLIN) | 61860 |
| 245 14 - TITLE STATEMENT | |
| Title | The quatrefoil of love : |
| Statement of responsibility, etc. | Israel Gollancz, Magdalene M. Weale |
| Remainder of title | ed. from Brit. Mus. MS. Add. 31042 with collations from Bodl. MS. Add. A 106 / |
| 260 ## - PUBLICATION, DISTRIBUTION, ETC. (IMPRINT) | |
| Place of publication, distribution, etc. | London : |
| Name of publisher, distributor, etc. | Oxford U.P. for the Early English Text Society, |
| Date of publication, distribution, etc. | 1935. |
| 300 ## - PHYSICAL DESCRIPTION | |
| Pagination | (Various pageins.) |
| Size | 22 cm. |
| 490 ## - SERIES STATEMENT | |
| Series statement | Early English Text Society. Original series ; |
| Volume/sequential designation | 195. |
| 500 ## - GENERAL NOTE | |
| General note | Includes glossary |
| 650 ## - SUBJECT ADDED ENTRY--TOPICAL TERM | |
| Topical term or geographic name as entry element | English language -- Middle English, 1100-1500 -- Texts. |
| 9 (RLIN) | 61861 |
| 700 1# - ADDED ENTRY--PERSONAL NAME | |
| Personal name | Weale, Magdalene M. |
| Fuller form of name | (Magdalene Marie) |
| 942 ## - ADDED ENTRY ELEMENTS (KOHA) | |
| Source of classification or shelving scheme | Dewey Decimal Classification |
| Koha item type | Books |
| Lost status | Source of classification or shelving scheme | Damaged status | Not for loan | Collection code | Permanent Location | Current Location | Shelving location | Date acquired | Source of acquisition | Cost, normal purchase price | Total Checkouts | Full call number | Date last seen | Copy number | Koha item type |
|---|---|---|---|---|---|---|---|---|---|---|---|---|---|---|---|
| Dewey Decimal Classification | Not For Loan | Non-fiction | Central Library, University of Rajshahi | Central Library, University of Rajshahi | Reading Room | 05/11/1956 | Blackwell | 6.00 | 823.2 GOQ 1935 | 26/02/2014 | C-1 | Books |